书目信息 |
| 题名: |
市政污泥强化脱水及其耦合资源化技术
|
|
| 作者: | 张伟军 , 王东升 , 曹秉帝 编著 | |
| 分册: | ||
| 出版信息: | 北京 中国建筑工业出版社 2021.10 |
|
| 页数: | 289页 | |
| 开本: | 26cm | |
| 丛书名: | ||
| 单 册: | ||
| 中图分类: | X703 | |
| 科图分类: | ||
| 主题词: | 市政工程--shi zheng gong cheng--污泥利用 | |
| 电子资源: | ||
| ISBN: | 978-7-112-26571-8 | |
| 000 | 01202nam0 2200253 450 | |
| 001 | 25980 | |
| 005 | 20220919183010.75 | |
| 010 | @a978-7-112-26571-8@dCNY76.00 | |
| 100 | @a20220217d2021 em y0chiy50 ea | |
| 101 | 0 | @achi |
| 102 | @aCN@b110000 | |
| 105 | @aa a 000yy | |
| 200 | 1 | @a市政污泥强化脱水及其耦合资源化技术@Ashi zheng wu ni qiang hua tuo shui ji qi ou he zi yuan hua ji shu@f张伟军, 王东升, 曹秉帝编著 |
| 210 | @a北京@c中国建筑工业出版社@d2021.10 | |
| 215 | @a289页@c图@d26cm | |
| 320 | @a有书目 (第286-289页) | |
| 330 | @a本书全面系统的介绍了作者在市政污泥强化脱水方面的理论创新成果, 主要内容围绕污泥深度脱水展开, 从介绍污泥的产生、性质和处理处置技术与新发展开始, 然后又介绍了污泥深度脱水技术工艺组成、泥质特性对污泥脱水性能的影响、对污泥调理技术进行了总结, 还介绍了污泥絮凝及其联合调理技术, 紧接着介绍了污泥溶解与絮凝联合调理技术和污泥电渗透脱水及其耦合技术, 最后介绍了污泥强化脱水及其耦合资源化技术。 | |
| 606 | 0 | @a市政工程@Ashi zheng gong cheng@x污泥利用 |
| 690 | @aX703@v5 | |
| 701 | 0 | @a张伟军@Azhang wei jun@4编著 |
| 701 | 0 | @a王东升@Awang dong sheng@4编著 |
| 701 | 0 | @a曹秉帝@Acao bing di@4编著 |
| 801 | 0 | @aCN@c20220910 |
| 905 | @a河南城建学院图书馆@dX703@eZ190@f1 | |
| 市政污泥强化脱水及其耦合资源化技术/张伟军, 王东升, 曹秉帝编著.-北京:中国建筑工业出版社,2021.10 |
| 289页:图;26cm |
| ISBN 978-7-112-26571-8:CNY76.00 |
| 本书全面系统的介绍了作者在市政污泥强化脱水方面的理论创新成果, 主要内容围绕污泥深度脱水展开, 从介绍污泥的产生、性质和处理处置技术与新发展开始, 然后又介绍了污泥深度脱水技术工艺组成、泥质特性对污泥脱水性能的影响、对污泥调理技术进行了总结, 还介绍了污泥絮凝及其联合调理技术, 紧接着介绍了污泥溶解与絮凝联合调理技术和污泥电渗透脱水及其耦合技术, 最后介绍了污泥强化脱水及其耦合资源化技术。 |
| ● |
| 相关链接 |
|
|
|
正题名:市政污泥强化脱水及其耦合资源化技术
索取号:X703/Z190
 
预约/预借
| 序号 | 登录号 | 条形码 | 馆藏地/架位号 | 状态 | 备注 |
| 1 | 1576835 | 215768355 | 自科库501/501自科库 105排2列4层/ [索取号:X703/Z190] | 在馆 |